Messi vs Ronaldo - Statystyki

Ogólne statystyki
  • Ten quiz został rozwiązany 60 razy
  • Średni wynik to 24 z 36
Statystyki odpowiedzi
Hint Explanation Odpowiedź % Poprawnych
Kto ma więcej goli strzelonych głową? Messi - 30, Ronaldo - 156
98%
Kto ma więcej goli w karierze? Messi - 899, Ronaldo - 965
90%
Kto ma więcej goli strzelonych prawą nogą? Messi - 110, Ronaldo - 622
90%
Kto ma więcej profesjonalnych występów? Messi - 1141, Ronaldo - 1312
88%
Kto ma więcej hat-tricków? Messi - 60, Ronaldo - 66
88%
Kto ma więcej goli strzelonych lewą nogą? Messi - 755, Ronaldo - 184
88%
Kto ma więcej goli w Lidze Mistrzów? Messi - 129, Ronaldo - 140
87%
Kto ma więcej goli z rzutów karnych w Lidze Mistrzów? Messi - 18, Ronaldo - 19
87%
Kto ma więcej goli z rzutów karnych? Messi - 112, Ronaldo - 182
85%
Kto ma więcej występów w Lidze Mistrzów? Messi - 163, Ronaldo - 183
85%
Kto ma więcej goli w reprezentacji? Messi - 115, Ronaldo - 143
85%
Kto ma więcej zdobytych tytułów w Lidze Mistrzów? Messi - 4, Ronaldo - 5
83%
Kto ma więcej asyst w karierze? Messi - 407, Ronaldo - 261
83%
Kto ma więcej występów w reprezentacji? Messi - 196, Ronaldo - 226
79%
Kto ma więcej asyst na Mistrzostwach Świata? Messi - 8, Ronaldo - 2
77%
Kto ma więcej zdobytych tytułów Mistrza Świata? Messi - 1, Ronaldo - 0
75%
Kto ma więcej zdobytych Złotych Piłek? Messi - 8, Ronaldo - 5
71%
Kto ma więcej goli na Mistrzostwach Świata? Messi - 13, Ronaldo - 8
69%
Kto ma więcej zwycięstw w bezpośrednim starciu w El Clasico? Messi - 14, Ronaldo - 8
69%
Kto ma więcej zdobytych tytułów kontynentalnych rozgrywek? (Copa America / Mistrzostwa Europy) Messi - 2, Ronaldo - 1
67%
Kto częściej był wybierany MVP spotkania? Messi - 440, Ronaldo - 227
63%
Kto ma więcej występów w El Clasico? Messi - 45, Ronaldo - 30
63%
Kto ma więcej goli na mecz? Messi - 0,79, Ronaldo - 0,74
60%
Kto ma więcej goli z rzutów wolnych? Messi - 70, Ronaldo - 64
58%
Kto ma więcej goli w bezpośrednim starciu w El Clasico? Messi - 20, Ronaldo - 18
54%
Kto ma więcej goli z rzutów wolnych w Lidze Mistrzów? Messi - 5, Ronaldo - 12
52%
Kto ma więcej asyst w reprezentacji? Messi - 75, Ronaldo - 44
52%
Kto ma więcej rozegranych spotkań na Mistrzostwach Świata? Messi - 26, Ronaldo - 22
52%
Kto ma więcej zdobytych tytułów ligowych? Messi - 13, Ronaldo - 7
50%
Kto ma więcej goli na mecz w reprezentacji? Messi - 0,59, Ronaldo - 0,63
48%
Kto ma więcej hat-tricków na Mistrzostwach Świata? Messi - 0, Ronaldo - 1
44%
Kto częściej był wybierany MVP spotkania w Lidze Mistrzów? Messi - 75, Ronaldo - 44
44%
Kto ma więcej goli spoza pola karnego? Messi - 106, Ronaldo - 72
38%
Kto ma więcej asyst w Lidze Mistrzów? Messi - 40, Ronaldo - 41
37%
Kto ma więcej goli spoza pola karnego w Lidze Mistrzów? Messi - 18, Ronaldo - 10
37%
Kto ma więcej goli na mecz w Lidze Mistrzów? Messi - 0,79, Ronaldo - 0,77
27%
Nie znaleziono quizów pasujących do podanych kryteriów
Rozkład punktacji
Procent ludzi z każdym wynikiem
Percentyl według liczby udzielonych odpowiedzi
Twoja historia wyników
Nie rozwiązałeś tego quizu